=LDR 00000nam 2200000 4500 =001 INLIS000000000034566 =005 20130612140451 =008 ***********************************Ind** =035 ##$$0010-061300000034566 =041 ##$$a Ind =082 ##$$a 362.293 =090 ##$$a 362.293, Sit p =100 ##$$a Satnggang =245 ##$$a Pendidikan Pencegahan Penyalahgunaan Nakotika, Sitanggang =260 ##$$a 1981 $b Jakarta =300 ##$$a 114 hlm., ilus., 21 cm =850 ##$$a NBPNMAT =990 ##$$a 0001/BPAP-NTB/2016